| 000 | 00853cam a2200181 4500 | ||
|---|---|---|---|
| 001 | ##L136310 | ||
| 008 | 070123n 000 0 eng u | ||
| 035 | _a(Sirsi) u136310 | ||
| 041 | 0 | _aeng | |
| 110 | 2 |
_aConstruction Specifications Institute _95105 |
|
| 245 | 0 | 0 |
_aCSINet _h[electronic resource] |
| 520 | _aWebsite for this American association of specifiers, architects, engineers, contractors, building materials suppliers and others involved in commercial and institutional building design and construction. Website includes industry news and information on CSI standards and formats, "CSI Weekly" and the "Construction Specifier" magazine. | ||
| 590 | _aKA | ||
| 651 | 4 | _aUNITED STATES | |
| 690 | _aBUILT ENVIRONMENT-CONSTRUCTION DESIGN | ||
| 856 | 4 | 0 |
_uhttps://www.csinet.org _zView the website free of charge at www.csinet.org... |
| 942 | _n0 | ||
| 999 |
_c120573 _d120573 |
||